| 000 | 00911cam a22002897a 4500 | ||
|---|---|---|---|
| 003 | CHAP | ||
| 005 | 20220329135527.0 | ||
| 008 | 971013s1952 r 00010 d | ||
| 010 | _a38065 | ||
| 011 | _a39037 | ||
| 035 | _a43157 | ||
| 040 | _cCHAP | ||
| 082 |
_a581.9727 _bM57 |
||
| 100 | 0 | 0 |
_aMiranda, Francisco de P. _976124 |
| 245 | 1 | 3 | _aLa vegetación de Chiapas |
| 260 |
_aTuxtla Gutiérrez, Chis. : _bDepartamento de Prensa y Turismo, _c1952 |
||
| 300 |
_a2 v. _b: ilus |
||
| 590 |
_aBATCH-UPD _b10 _c20130110 _lUCH01 _h1841 |
||
| 590 |
_aBATCH-UPD _b10 _c20130410 _lUCH01 _h1212 |
||
| 590 |
_aBATCH-UPD _b10 _c20130914 _lUCH01 _h0731 |
||
| 590 |
_aCONVERSION _b10 _c20130109 _lUCH01 _h1321 |
||
| 650 | 1 | 4 |
_aBotánica _zChiapas. _914639 |
| 901 | _aBK | ||
| 942 | _cLIBRO | ||
| 949 |
_a581.9727 M57 _bBC _cLIBRO _d33724000356150 _eLIBRO _i43157 _si |
||
| 949 |
_a581.9727 M57 _bBC _cMUT _d-153395 _eMUT _fv.2 _i43157 _si |
||
| 999 |
_c38065 _d38065 |
||